[Event "AUT-ch U16"]
[Site "St Veit"]
[Date "2015.03.30"]
[Round "3.3"]
[White "Bahl, Felix"]
[Black "Mostbauer, Maximilian"]
[Result "1/2-1/2"]
[WhiteElo "2158"]
[BlackElo "2154"]
[PlyCount "61"]
[EventDate "2015.03.29"]
[EventType "swiss"]
[EventRounds "7"]
[EventCountry "AUT"]
[SourceTitle "EXT 2024"]
[Source "ChessBase"]
[SourceDate "2023.10.10"]
[SourceVersion "1"]
[SourceVersionDate "2023.10.10"]
[SourceQuality "1"]

1. d4 Nf6 2. c4 g6 3. g3 Bg7 4. Bg2 0-0 5. Nc3 d6 6. e3 e5 7. Nge2 Nc6 8. 0-0 Bd7 9. b3 Qc8 10. d5 Ne7 11. e4 Bh3 12. Qc2 Bxg2 13. Kxg2 Nh5 14. f4 exf4 15. Nxf4 Nxf4+ 16. Bxf4 h6 17. Rae1 g5 18. Bd2 Qd7 19. Nd1 Rae8 20. Ne3 Be5 21. Bc3 Ng6 22. Nf5 h5 23. Bxe5 Nxe5 24. Qd1 g4 25. Nh4 f6 26. Qd2 Qh7 27. Rf5 Ng6 28. Nxg6 Qxg6 29. Qf4 Re5 30. Rf1 Rfe8 31. Rxf6 1/2-1/2

[Event "AUT-ch U16"]
[Site "St Veit"]
[Date "2015.03.29"]
[Round "1.4"]
[White "Bahl, Felix"]
[Black "Fasching, Markus"]
[Result "1-0"]
[WhiteElo "2158"]
[BlackElo "1715"]
[PlyCount "55"]
[EventDate "2015.03.29"]
[EventType "swiss"]
[EventRounds "7"]
[EventCountry "AUT"]
[SourceTitle "EXT 2024"]
[Source "ChessBase"]
[SourceDate "2023.10.10"]
[SourceVersion "1"]
[SourceVersionDate "2023.10.10"]
[SourceQuality "1"]

1. d4 d5 2. c4 e6 3. Nf3 Nf6 4. e3 Be7 5. b3 0-0 6. Bd3 b6 7. 0-0 Bb7 8. Bb2 Nbd7 9. Nbd2 c5 10. Qe2 Rc8 11. Ne5 cxd4 12. exd4 dxc4 13. Ndxc4 Nd5 14. f4 N7f6 15. Rae1 b5 16. Ne3 Nxe3 17. Qxe3 Qa5 18. Re2 Bb4 19. f5 Rfe8 20. fxe6 Rxe6 21. Bf5 Rxe5 22. dxe5 Bc5 23. Bd4 Nd5 24. Qf2 Bxd4 25. Qxd4 Re8 26. e6 f6 27. Qd3 Qb6+ 28. Kh1 1-0

[Event "AUT-ch"]
[Site "Feldkirch"]
[Date "2013.07.27"]
[Round "8"]
[White "Bahl, Felix"]
[Black "Kessler, Luca"]
[Result "0-1"]
[WhiteElo "2005"]
[BlackElo "2280"]
[PlyCount "54"]
[EventDate "2013.07.20"]
[EventType "swiss"]
[EventRounds "9"]
[EventCountry "AUT"]
[SourceTitle "CBM 155 Extra"]
[Source "ChessBase"]
[SourceDate "2013.08.26"]
[SourceVersion "1"]
[SourceVersionDate "2013.08.26"]
[SourceQuality "1"]

1. e4 d6 2. d4 Nf6 3. Nc3 g6 4. f4 Bg7 5. Nf3 c5 6. d5 0-0 7. Bc4 b5 8. Bxb5 Nxe4 9. Nxe4 Qa5+ 10. Nc3 Bxc3+ 11. bxc3 Qxb5 12. Qe2 Qxe2+ 13. Kxe2 Ba6+ 14. Ke3 Nd7 15. Nd2 Nb6 16. c4 Nxc4+ 17. Nxc4 Bxc4 18. Rd1 Rab8 19. f5 Rb6 20. g4 Rfb8 21. a4 Rb1 22. Ra3 Kg7 23. Ke4 Be2 24. Rg1 Bxg4 25. Rxg4 R8b4+ 26. Kf3 Rxg4 27. Kxg4 Rxc1 0-1

[Event "AUT-ch"]
[Site "Feldkirch"]
[Date "2013.07.23"]
[Round "4"]
[White "Bahl, Felix"]
[Black "Ager, Josef"]
[Result "0-1"]
[WhiteElo "2005"]
[BlackElo "2176"]
[PlyCount "74"]
[EventDate "2013.07.20"]
[EventType "swiss"]
[EventRounds "9"]
[EventCountry "AUT"]
[SourceTitle "CBM 155 Extra"]
[Source "ChessBase"]
[SourceDate "2013.08.26"]
[SourceVersion "1"]
[SourceVersionDate "2013.08.26"]
[SourceQuality "1"]

1. e4 e5 2. Nf3 Nc6 3. Bb5 a6 4. Ba4 d6 5. d4 Bd7 6. 0-0 Nge7 7. Nc3 Ng6 8. dxe5 Ngxe5 9. Nxe5 dxe5 10. Be3 Bd6 11. Qd2 0-0 12. Rad1 Qe8 13. Nd5 Rd8 14. c4 Nb8 15. Bb3 c6 16. Bh6 Qe6 17. Nc3 Bc5 18. Bg5 Rc8 19. Na4 Bd4 20. c5 Qg6 21. Nb6 Rce8 22. Rfe1 Bg4 23. Rc1 h6 24. Bh4 Bf3 25. Bg3 Bxe4 26. h3 Bf5 27. Kh2 Rd8 28. Qb4 Nd7 29. Nxd7 Rxd7 30. Bxe5 Bxf2 31. Re2 Re8 32. Qf4 Bd4 33. Bc2 Bxc2 34. Rcxc2 Rxe5 35. Rxe5 Qxc2 36. Re8+ Kh7 37. Re4 Qxc5 0-1

[Event "Liechtenstein op 31st"]
[Site "Triesen"]
[Date "2013.05.06"]
[Round "4"]
[White "Bahl, Felix"]
[Black "Schaefer, Michael"]
[Result "1/2-1/2"]
[WhiteElo "1933"]
[BlackElo "2169"]
[PlyCount "61"]
[EventDate "2013.05.03"]
[EventType "swiss"]
[EventRounds "9"]
[EventCountry "LIE"]
[SourceTitle "CBM 154 Extra"]
[Source "ChessBase"]
[SourceDate "2013.06.25"]
[SourceVersion "2"]
[SourceVersionDate "2013.06.25"]
[SourceQuality "1"]

1. e4 c5 2. Nf3 Nc6 3. d4 cxd4 4. Nxd4 Nf6 5. Nc3 d6 6. Bg5 e6 7. Qd2 a6 8. 0-0-0 Bd7 9. f3 Be7 10. h4 Rc8 11. Kb1 b5 12. Nxc6 Rxc6 13. Bd3 0-0 14. g4 Bc8 15. Be3 Nd7 16. f4 Nb6 17. g5 Nc4 18. Bxc4 Rxc4 19. b3 Rc6 20. Ne2 Bb7 21. h5 Qb8 22. Qd4 Rfc8 23. c3 a5 24. f5 a4 25. h6 e5 26. Qd3 axb3 27. axb3 Ra6 28. Nc1 Qa8 29. Rh4 g6 30. fxg6 fxg6 31. Rf1 1/2-1/2

[Event "Liechtenstein op 30th"]
[Site "Triesen"]
[Date "2012.05.13"]
[Round "3"]
[White "Kessler, Luca"]
[Black "Bahl, Felix"]
[Result "1/2-1/2"]
[WhiteElo "2233"]
[BlackElo "1891"]
[PlyCount "97"]
[EventDate "2012.05.11"]
[EventType "swiss"]
[EventRounds "9"]
[EventCountry "LIE"]
[SourceTitle "CBM 148 Extra"]
[Source "ChessBase"]
[SourceDate "2012.06.22"]
[SourceVersion "1"]
[SourceVersionDate "2012.06.22"]
[SourceQuality "1"]

1. d4 d5 2. c4 c6 3. Nf3 Nf6 4. e3 e6 5. b3 Bd6 6. Bb2 Nbd7 7. Bd3 0-0 8. 0-0 Re8 9. Ne5 Qc7 10. f4 Ne4 11. Nc3 f5 12. Rc1 Nxc3 13. Bxc3 Nf6 14. c5 Bxe5 15. dxe5 Ne4 16. Bd4 Bd7 17. Qe2 Rf8 18. Rc2 Be8 19. a4 Bg6 20. b4 a6 21. Rb1 Rfb8 22. h3 h6 23. Kh2 Bf7 24. g4 Bg6 25. Rg1 Kh7 26. Qg2 Rf8 27. Rb1 Rfb8 28. Rb3 Qd8 29. Rc1 Qh4 30. Kg1 Qd8 31. Rb2 Qe7 32. Qf3 Qd8 33. Rg2 Qe7 34. Rb2 Qd8 35. Kg2 Qe7 36. Kf1 Qh4 37. Kg1 Qe7 38. Rg2 Qd8 39. Kh2 Qe7 40. Rcg1 Rg8 41. Rc1 Rgc8 42. Qe2 Rcb8 43. Kg1 Qh4 44. Qf3 Qe7 45. Kh2 Rc8 46. Qe2 Rcb8 47. Qc2 Qh4 48. Rcg1 Rg8 49. Qe2 1/2-1/2

[Event "EU Union-ch op U14/16"]
[Site "Mureck"]
[Date "2011.08.11"]
[Round "9"]
[White "Bahl, Felix"]
[Black "Kejzar, Petra"]
[Result "1-0"]
[WhiteElo "1848"]
[BlackElo "1581"]
[PlyCount "97"]
[EventDate "2011.08.03"]
[EventType "swiss"]
[EventRounds "9"]
[EventCountry "AUT"]
[SourceTitle "CBM 144 Extra"]
[Source "ChessBase"]
[SourceDate "2011.10.28"]
[SourceVersion "1"]
[SourceVersionDate "2011.10.28"]
[SourceQuality "1"]

1. e4 d6 2. d4 Nf6 3. Nc3 g6 4. f4 Bg7 5. Nf3 0-0 6. Bd3 c5 7. d5 e6 8. dxe6 fxe6 9. 0-0 a6 10. e5 dxe5 11. fxe5 Nfd7 12. Be3 Nc6 13. Ne4 b6 14. Neg5 Ndxe5 15. Be4 Nxf3+ 16. Rxf3 Qc7 17. Rxf8+ Bxf8 18. Qf3 Ne5 19. Qh3 Ra7 20. Rf1 Qd7 21. c3 Nc4 22. Bc1 e5 23. Qxh7+ Qxh7 24. Nxh7 Kxh7 25. Rxf8 Nd6 26. Bc2 Rf7 27. Rxf7+ Nxf7 28. Kf2 Kg7 29. b3 Kf6 30. c4 Nd8 31. h4 Nc6 32. Bg5+ Kf7 33. Be4 Nd4 34. Bd8 b5 35. cxb5 axb5 36. Bd5+ Be6 37. Bxe6+ Kxe6 38. Ke3 Kd5 39. g4 Ne6 40. Bf6 Nf4 41. Bg5 Ne6 42. Bh6 b4 43. h5 g5 44. Bg7 Kd6 45. h6 Nd8 46. h7 Nf7 47. h8Q Nxh8 48. Bxh8 Ke6 49. Ke4 1-0

[Event "EU Union-ch op U14/16"]
[Site "Mureck"]
[Date "2011.08.08"]
[Round "6"]
[White "Bahl, Felix"]
[Black "Raith, Andreas"]
[Result "1-0"]
[WhiteElo "1848"]
[BlackElo "1637"]
[PlyCount "53"]
[EventDate "2011.08.03"]
[EventType "swiss"]
[EventRounds "9"]
[EventCountry "AUT"]
[SourceTitle "CBM 144 Extra"]
[Source "ChessBase"]
[SourceDate "2011.10.28"]
[SourceVersion "1"]
[SourceVersionDate "2011.10.28"]
[SourceQuality "1"]

1. e4 e5 2. Nf3 Nc6 3. Bb5 a6 4. Ba4 Nf6 5. 0-0 b5 6. Bb3 Be7 7. Re1 d6 8. c3 Bg4 9. d3 0-0 10. Nbd2 Re8 11. Nf1 Qc8 12. h3 Be6 13. Bc2 Bf8 14. Ng5 Bd7 15. f4 exf4 16. Bxf4 Nd8 17. d4 Ne6 18. Qf3 c6 19. Ng3 Nxf4 20. Qxf4 c5 21. e5 dxe5 22. dxe5 h6 23. exf6 hxg5 24. Qxg5 Rxe1+ 25. Rxe1 Qc6 26. Be4 Qe6 27. Bh7+ 1-0

[Event "EU Union-ch op U14/16"]
[Site "Mureck"]
[Date "2011.08.07"]
[Round "5"]
[White "Pregelj, Maj"]
[Black "Bahl, Felix"]
[Result "1-0"]
[WhiteElo "1737"]
[BlackElo "1848"]
[PlyCount "43"]
[EventDate "2011.08.03"]
[EventType "swiss"]
[EventRounds "9"]
[EventCountry "AUT"]
[SourceTitle "CBM 144 Extra"]
[Source "ChessBase"]
[SourceDate "2011.10.28"]
[SourceVersion "1"]
[SourceVersionDate "2011.10.28"]
[SourceQuality "1"]

1. d4 d5 2. Nf3 Nf6 3. Bf4 e6 4. c4 c6 5. e3 Nbd7 6. Nc3 Be7 7. Bd3 dxc4 8. Bxc4 0-0 9. 0-0 Nh5 10. Bg3 Nxg3 11. hxg3 b5 12. Bd3 a6 13. Kh2 c5 14. Rh1 cxd4 15. Be4 Rb8 16. Nxd4 Bb7 17. Bxh7+ Kxh7 18. Kg1+ Kg8 19. Qh5 f6 20. Nxe6 Qb6 21. Nxg7 Bc5 22. Ne6 1-0

[Event "EU Union-ch op U14/16"]
[Site "Mureck"]
[Date "2011.08.05"]
[Round "3"]
[White "Grguric, Stjepan Kresimir"]
[Black "Bahl, Felix"]
[Result "1/2-1/2"]
[WhiteElo "1976"]
[BlackElo "1848"]
[PlyCount "78"]
[EventDate "2011.08.03"]
[EventType "swiss"]
[EventRounds "9"]
[EventCountry "AUT"]
[SourceTitle "CBM 144 Extra"]
[Source "ChessBase"]
[SourceDate "2011.10.28"]
[SourceVersion "1"]
[SourceVersionDate "2011.10.28"]
[SourceQuality "1"]

1. e4 e6 2. d4 d5 3. e5 c5 4. c3 Nc6 5. Nf3 Bd7 6. Be2 Nge7 7. Na3 Ng6 8. h4 cxd4 9. cxd4 Bb4+ 10. Kf1 Bxa3 11. bxa3 h6 12. Rb1 Qc7 13. Rh3 Nge7 14. Qd3 a6 15. Nd2 Na7 16. Qb3 Rc8 17. Bb2 Qc2 18. Bc3 Qxb3 19. axb3 Bb5 20. Bb2 Kd7 21. Bxb5+ Nxb5 22. a4 Na7 23. Rc3 Nf5 24. Nf3 Rxc3 25. Bxc3 g5 26. hxg5 hxg5 27. g4 Rh1+ 28. Ng1 Nh4 29. Rd1 Nc6 30. Rd3 Ke7 31. Bd2 f6 32. exf6+ Kxf6 33. f4 gxf4 34. Bxf4 Ng6 35. Bg3 Rh7 36. Nf3 Rh1+ 37. Ng1 Rh7 38. Nf3 Rh1+ 39. Ng1 Rh7 1/2-1/2

[Event "EU Union-ch op U14/16"]
[Site "Mureck"]
[Date "2011.08.04"]
[Round "2"]
[White "Jakob, Tobias"]
[Black "Bahl, Felix"]
[Result "0-1"]
[WhiteElo "1650"]
[BlackElo "1848"]
[PlyCount "78"]
[EventDate "2011.08.03"]
[EventType "swiss"]
[EventRounds "9"]
[EventCountry "AUT"]
[SourceTitle "CBM 144 Extra"]
[Source "ChessBase"]
[SourceDate "2011.10.28"]
[SourceVersion "1"]
[SourceVersionDate "2011.10.28"]
[SourceQuality "1"]

1. e4 e6 2. d4 d5 3. Nc3 Nf6 4. e5 Nfd7 5. f4 c5 6. Nf3 Nc6 7. Be3 cxd4 8. Nxd4 Bc5 9. Qd2 a6 10. Be2 Nxd4 11. Bxd4 b5 12. 0-0 Bxd4+ 13. Qxd4 Qb6 14. Rfd1 Bb7 15. Bf3 Rc8 16. Kh1 Rc4 17. Qxb6 Nxb6 18. g3 b4 19. Ne2 Rxc2 20. Rac1 Rxc1 21. Rxc1 Kd7 22. Nd4 Rc8 23. Rxc8 Nxc8 24. Kg2 Ne7 25. Kf2 Nc6 26. Ke3 Na7 27. Be2 Nc6 28. Nxc6 Kxc6 29. Kd4 a5 30. b3 Kb6 31. h3 Bc6 32. Bd3 g6 33. h4 Bb5 34. Bc2 Be2 35. Bb1 Kb5 36. Bd3+ Bxd3 37. Kxd3 Kc5 38. Ke3 d4+ 39. Ke4 h5 0-1

[Event "Liechtenstein op 29th"]
[Site "Triesen"]
[Date "2011.06.01"]
[Round "6"]
[White "Bahl, Felix"]
[Black "Ronneland, Daniel"]
[Result "1/2-1/2"]
[WhiteElo "1806"]
[BlackElo "2263"]
[PlyCount "85"]
[EventDate "2011.05.27"]
[EventType "swiss"]
[EventRounds "9"]
[EventCountry "LIE"]
[SourceTitle "CBM 142 Extra"]
[Source "ChessBase"]
[SourceDate "2011.06.27"]
[SourceVersion "1"]
[SourceVersionDate "2011.06.27"]
[SourceQuality "1"]

1. e4 e5 2. Nf3 d6 3. d4 Nd7 4. Nc3 Ngf6 5. Bc4 Be7 6. 0-0 0-0 7. Bg5 c6 8. a4 b6 9. Qd2 Qc7 10. d5 Bb7 11. Rad1 cxd5 12. Bxd5 a6 13. Rfe1 Rac8 14. Bxb7 Qxb7 15. Nd5 Nxd5 16. exd5 f6 17. Bh4 Rc4 18. b3 Rg4 19. h3 Rg6 20. Re4 Nc5 21. Rg4 Rxg4 22. hxg4 Qd7 23. Nh2 g5 24. Bg3 f5 25. gxf5 Qxf5 26. f3 h5 27. Bf2 g4 28. Bxc5 bxc5 29. fxg4 hxg4 30. Rf1 Qh5 31. Rxf8+ Bxf8 32. Qe2 Bg7 33. Qxg4 Qh6 34. Qc8+ Kh7 35. Qf5+ Kg8 36. Ng4 Qc1+ 37. Kh2 Qd2 38. Kh3 Qxd5 39. Qg6 Kf8 40. Qf5+ Ke7 41. Qg5+ Kf7 42. Qf5+ Ke7 43. Qg5+ 1/2-1/2

[Event "Liechtenstein op 29th"]
[Site "Triesen"]
[Date "2011.05.31"]
[Round "5"]
[White "Meertens, Martin"]
[Black "Bahl, Felix"]
[Result "0-1"]
[WhiteElo "2172"]
[BlackElo "1806"]
[PlyCount "86"]
[EventDate "2011.05.27"]
[EventType "swiss"]
[EventRounds "9"]
[EventCountry "LIE"]
[SourceTitle "CBM 142 Extra"]
[Source "ChessBase"]
[SourceDate "2011.06.27"]
[SourceVersion "1"]
[SourceVersionDate "2011.06.27"]
[SourceQuality "1"]

1. e4 e6 2. d3 c5 3. Nf3 Nc6 4. g3 d5 5. Nbd2 Nf6 6. Bg2 Be7 7. 0-0 0-0 8. Re1 b6 9. Qe2 Bb7 10. e5 Nd7 11. c3 Ba6 12. Nf1 b5 13. h4 Nb6 14. Qc2 Rc8 15. b3 d4 16. c4 bxc4 17. bxc4 Qc7 18. Bf4 Rfd8 19. N1d2 Nd7 20. Rab1 Nb4 21. Qb3 Rb8 22. a3 Nd5 23. Qc2 Rxb1 24. Rxb1 Nc3 25. Re1 Qa5 26. Bg5 Bxg5 27. Nxg5 h6 28. Nb3 Qa4 29. Ne4 Rb8 30. Nxd4 cxd4 31. Qd2 Nxe4 32. Rxe4 Rb1+ 33. Kh2 Bb7 34. Rxd4 Bxg2 35. Kxg2 Qc6+ 36. f3 Nxe5 37. Re4 Rg1+ 38. Kf2 Rh1 39. Qe3 Qb7 40. Kg2 Qb1 41. g4 Qf1+ 42. Kg3 Rh3+ 43. Kf4 Nxd3+ 0-1